01110nac a22002897a 4500001001000000003000900010005001700019008003400036040005400070072000800124090001900132100002200151100001700173100001800190110010500208245003300313246004100346260003600387300001100423490011700434650002700551650001300578909004700591942001700638999001900655952014600674BR8300195BR-BrBNA20240105115609.0230509b bl.|||m| |||| 00| 0 por d aBR-BrBNAbporcBiblioteca Nacional de Agricultura aF25 a3830 BR83001951 aOliveira, A.J. de1 aLourenco, S.1 aGoedert, W.J.1 aEmpresa Brasileira de Pesquisa Agropecuaria, Brasilia, DF. Depto. de Informacao e Documentacao938721 aAdubacao fosfatada no Brasil1 a[Phosphorus fertilization in Brazil]3 aBrasilia, DF (Brasil): c1982.  a326 p. aDocumentos - Empresa Brasileira de Pesquisa Agropecuaria. Depto. de Informacao e Documentacao (Brazil)vno. 21x aFERTILIZANTE FOSFATADO aADUBACAO a202312bLúcia Elandec55dLúcia Elande 2AGRISn0cMS c275489d275489 002AGRIS40708Acervo Gerala41918b41918cAGROBASEl0o3830 BR8300195p3830 BR8300195r2023-12-18yMSePortaria Interministerial nº 164/94